000 00255nam a2200109Ia 4500
008 190216s9999||||xx |||||||||||||| ||und||
100 _aSurendra Singh John
245 0 _aHindi-Guru Govinda Singh Jeevani
260 _bNull
650 _aHindi
942 _cBK
999 _c15323
_d15323